| 000 | 00754nam a2200265 i 4500 | ||
|---|---|---|---|
| 001 | 7719 | ||
| 003 | BD-RjUL | ||
| 005 | 20211208234450.0 | ||
| 008 | 150114s1978 maua 001 0 eng | ||
| 020 | _a0201001373 | ||
| 035 | _a(BD-RjUL)7763 | ||
| 040 |
_aDLC _cDLC _dDLC _dBD-RjUL _beng |
||
| 041 | _aeng | ||
| 082 | 0 | 0 |
_a512.9 _bAUE |
| 100 | 1 |
_aAuvil, Daniel L. _924079 |
|
| 245 | 1 | 0 |
_aElementary algebra / _cDaniel L. Auvil and Charles Poluga. |
| 260 |
_aReading, Mass. : _bAddison-Wesley Pub. Co., _cc1978. |
||
| 300 |
_aviii, 356, [46] p. : _bill. ; _c24 cm. |
||
| 500 | _aIncludes index. | ||
| 650 | 0 |
_aAlgebra. _924080 |
|
| 700 | 1 |
_aPoluga, Charles, _ejoint author. _924081 |
|
| 942 |
_2ddc _cBK |
||
| 999 |
_c7719 _d7719 |
||